000 00796nam a22002657a 4500
001 BR9505508
003 BR-BrBNA
005 20230928094705.0
007 ta
008 230509b bl.||||| |||| 00| 0 por d
040 _aBR-BrBNA
_bpor
_cBiblioteca Nacional de Agricultura
041 _a(Por)
072 _aP40; E50
090 _ P40 BR9505508
100 1 _aCarvalho, O. de
110 1 _aFundacao Grupo Esquel, Fortaleza, CE (Brasil)
_94907
111 1 _aConferencia Nacional e Seminario Latino Americano da Desertificacao
_cFortaleza, CE (Brazil)
_d7-11 Mar 1994
245 1 _aO Impacto social da seca no Nordeste
260 3 _aFortaleza, CE (Brasil):
_c1994.
300 _a24 p.
650 _aSeca
650 _aPobreza Rural
909 _a202309
_bLucia
_c55
_dLucia Elande
942 _cBK
999 _c52109
_d52109